Speaking Technically : (Record no. 175470)
[ view plain ]
| 000 -LEADER | |
|---|---|
| fixed length control field | 01180 a2200217 4500 |
| 003 - CONTROL NUMBER IDENTIFIER | |
| control field | Nust |
| 005 - DATE AND TIME OF LATEST TRANSACTION | |
| control field | 20220802131053.0 |
| 010 ## - LIBRARY OF CONGRESS CONTROL NUMBER | |
| LC control number | 97131671 |
| 020 ## - INTERNATIONAL STANDARD BOOK NUMBER | |
| International Standard Book Number | 186094034X (pbk.) |
| 035 ## - SYSTEM CONTROL NUMBER | |
| System control number | (OCoLC)36464006 |
| 040 ## - CATALOGING SOURCE | |
| Transcribing agency | Nust |
| 082 00 - DEWEY DECIMAL CLASSIFICATION NUMBER | |
| Classification number | 600,COO |
| 100 1# - MAIN ENTRY--PERSONAL NAME | |
| Personal name | Goodlad, Sinclair. |
| 9 (RLIN) | 96283 |
| 245 10 - TITLE STATEMENT | |
| Title | Speaking Technically : |
| Remainder of title | a Handbook for Scientists, Engineers, and Physicians on how to Improve Technical Presentations / |
| Statement of responsibility, etc. | Sinclair Goodlad. |
| 260 ## - PUBLICATION, DISTRIBUTION, ETC. | |
| Place of publication, distribution, etc. | London, Eng. : |
| Name of publisher, distributor, etc. | Imperial College Press ; |
| Place of publication, distribution, etc. | River Edge, NJ : |
| Name of publisher, distributor, etc. | distributed by World Scientific, |
| Date of publication, distribution, etc. | c1996. |
| 300 ## - PHYSICAL DESCRIPTION | |
| Extent | ix, 112 p. : |
| Other physical details | ill. ; |
| Dimensions | 22 cm. |
| 505 ## - FORMATTED CONTENTS NOTE | |
| Formatted contents note | A Professional Job (Page-1), Decide your Purpose: Who will do What (Page-7), Planning the support work: the Frame of reference (Page-17), Starting, Stopping, and Signposting (Page-35), Speaking Technique (Page-47), The Use and Abuse of Visual aids (Page-59), Planning the Support Work (Page-69), Some Special Situations (Page-75), Chairing Sessions and Managing Questions in Large Meetings (Page-91), Count-Down Check List (Page-97). |
| 650 #0 - SUBJECT ADDED ENTRY--TOPICAL TERM | |
| Topical term or geographic name entry element | Communication of technical information. |
| 9 (RLIN) | 25586 |
| 650 #0 - SUBJECT ADDED ENTRY--TOPICAL TERM | |
| Topical term or geographic name entry element | Public speaking. |
| 9 (RLIN) | 30004 |
| 942 ## - ADDED ENTRY ELEMENTS (KOHA) | |
| Koha item type | Reference |
| Source of classification or shelving scheme | |
| Withdrawn status | Lost status | Source of classification or shelving scheme | Damaged status | Not for loan | Permanent Location | Current Location | Shelving location | Date acquired | Full call number | Barcode | Date last seen | Price effective from | Koha item type | Public note |
|---|---|---|---|---|---|---|---|---|---|---|---|---|---|---|
| Military College of Signals (MCS) | Military College of Signals (MCS) | Reference | 12/12/2016 | 600,GOO | MCS26726 | 12/08/2016 | 12/12/2016 | Book | Almirah No.20, Shelf No.1 |
